Analýza vplyvov externého prostredia a ich dopady na automobilový priemysel v podmienkach SR bakalárska práca

Salvato in:
Dettagli Bibliografici
Autore principale: Laurová, Simona
Ente Autore: Fakulta podnikového manažmentu EU. Katedra podnikovohospodárska
Altri autori: Kubica, Milan, 1958-
Natura: Libro
Lingua:slovacco
Pubblicazione: Bratislava 2023
Tags: Aggiungi Tag
Nessun Tag, puoi essere il primo ad aggiungerne!!

MARC

LEADER 00000nbm a2200000 4500
001 0293725
005 20240219131406.6
041 0 |a slo 
044 |a SK 
245 1 0 |a Analýza vplyvov externého prostredia a ich dopady na automobilový priemysel v podmienkach SR  |b bakalárska práca  |c Simona Laurová ; školiteľ: Milan Kubica 
264 1 |a Bratislava  |c 2023 
300 |a 47 s. 
100 1 |a Laurová, Simona 
700 1 |a Kubica, Milan, 1958- 
710 2 |a Fakulta podnikového manažmentu EU. Katedra podnikovohospodárska